000 00946cam a2200205 4500
001 L136333
008 070125n2006 000 0 eng u
035 _a(Sirsi) u136333
041 0 _aeng
050 0 4 _a333.73 $2 18
110 2 _aEC Harris
_94930
245 0 0 _aEuropean focus
_bon regeneration
_h[electronic resource]
260 _aLondon
_bEC Harris
_c2006
520 _aDiscusses how the combining different public and private sector requirements in a mixed use regeneration scheme requires leadership that can balance the needs of both sectors so as to deliver sustainable and commercially viable development. Graphs show building renovation output 2004 - 2007, and a comparison of mixed use regeneration costs by country.
590 _aKA
651 4 _aEUROPEAN UNION
690 _aPROPERTY-PROPERTY MANAGEMENT-REGENERATION
856 4 0 _uhttps://www.echarris.com/
_zView the item free of charge at www.echarris.com/...
942 _n0
999 _c106362
_d106362